000 00739nam a2200229 i 4500
001 68332
003 ES-MaACL
005 20230906170247.0
007 t|
008 040617s2003 sp ||||1| spa d
020 _a84-96210-06-5
080 _a316.74:398.8(460.35)
100 1 _aCruces Roldán, Cristina.
_941763
245 1 0 _aAntropología y flamenco
_b: más allá de la música (II) : identidad, género y trabajo /
_cCristina Cruces Roldán.
260 _a[Sevilla] :
_bSignatura,
_c[2003]
300 _a276 p. ;
_c23 cm.
490 1 _aSignatura de flamenco
650 1 4 _aFlamenco-
_xAspectos sociales.
_912895
830 0 _aSignatura de flamenco
_9230940
852 _aES-MaACL
_jL-28009
_bR.133817
999 _c68332
_d68332